Design-driven innovation : changing the rules of competition by radically innovating what things mean (Record no. 147725)

MARC details
000 -LEADER
fixed length control field 00739nam a2200217Ia 4500
008 - FIXED-LENGTH DATA ELEMENTS--GENERAL INFORMATION
fixed length control field 191130s2009##################000#0#eng##
020 ## - INTERNATIONAL STANDARD BOOK NUMBER
ISBN 9781422124826
082 ## - DEWEY DECIMAL CLASSIFICATION NUMBER
Classification number 658.514 VER
100 ## - MAIN ENTRY--AUTHOR NAME
Personal name Verganti, Roberto
245 ## - TITLE STATEMENT
Title Design-driven innovation : changing the rules of competition by radically innovating what things mean
Statement of responsibility, etc Roberto Verganti
260 ## - PUBLICATION, DISTRIBUTION, ETC. (IMPRINT)
Place of publication Boston
Name of publisher Harvard Business School
Year of publication c2009
300 ## - PHYSICAL DESCRIPTION
Number of Pages xv, 272 p. : ill. ; 25 cm
500 ## - GENERAL NOTE
General note Includes bibliographical references (p. [241]-259) and index
650 ## - SUBJECT ADDED ENTRY--TOPICAL TERM
Topical Term Industrial management
Topical Term Technological innovations
991 ## -
-- 113803
Holdings
Withdrawn status Lost status Damaged status Not for loan Home library Current library Shelving location Date acquired Full call number Accession Number Price effective from Koha item type
        Anna Centenary Library Anna Centenary Library 6TH FLOOR, B WING 12.10.2020 658.514 VER 504085 12.10.2020 English Books

Find us on the map